| 000 | 00436cam a2200181ua 4500 | ||
|---|---|---|---|
| 020 | _c2.00 | ||
| 041 |
_ahin _h |
||
| 082 |
_a891.43 _bKED/PR |
||
| 100 | _aKedarnath, Shukla . | ||
| 245 |
_aPrasad ki kahaniyam / _cKedarnath shukla. _hTextual Documents |
||
| 250 |
_a1 / _b. |
||
| 260 |
_aBanaras : _bSaraswati Mandir , _c1950. |
||
| 300 | _a213 ; . | ||
| 365 | _a2.00 | ||
| 504 | _a | ||
| 942 | _cBK | ||
| 999 |
_c12137 _d12137 |
||